00800nam a2200205 a 450000100100000000500170001000800410002702000180006804000250008610000410011124500850015226000390023730000280027650000730030450000550037750400300043204900090046295201060047199900170057700002921820200930055414.0110414s2009 dr a 000 0 spa d a9789587053371 aDO-SdBNPbspacBNPHU1 aPeña Muñoz, Manueld1951-95611510aHistoria de la literatura infantil en América Latina /cManuel Peña Muñoz. aBogotá :bFundación SM,c2009. a820 p. :bil. ;c26 cm. aIncluye referencias bibliográficas y notas al pie de las páginas aIncluye datos biográficos del autor en la solapa aBbliografía: p. 810-820 aBNPD 00107-18PDaPDbPDcOId2011-04-14iLF1l0o p29218-10r2020-06-25w2020-06-25yLFPDZNo se presta c28710d28710